Govt. of
Madhya Pradesh

Hindu Polity (Record no. 34470)

MARC details
000 -LEADER
fixed length control field 004840000a22001690004500
003 - CONTROL NUMBER IDENTIFIER
control field MACL
005 - DATE AND TIME OF LATEST TRANSACTION
control field 20160113163448.0
008 - FIXED-LENGTH DATA ELEMENTS--GENERAL INFORMATION
fixed length control field 160113b xxu||||| |||| 00| 0 eng d
040 ## - CATALOGING SOURCE
Original cataloging agency MACL
Transcribing agency MACL
041 ## - LANGUAGE CODE
Language code of text/sound track or separate title English
082 ## - DEWEY DECIMAL CLASSIFICATION NUMBER
Classification number 954/JAY
100 ## - MAIN ENTRY--PERSONAL NAME
Personal name Jayaswal, K P
9 (RLIN) 32014
245 ## - TITLE STATEMENT
Title Hindu Polity
Remainder of title A constitutional history of India in Hindu times
260 ## - PUBLICATION, DISTRIBUTION, ETC. (IMPRINT)
Name of publisher, distributor, etc. The Banglore Printing & publishing Co Ltd
Date of publication, distribution, etc. 1955
Place of publication, distribution, etc. Bangalore
650 ## - SUBJECT ADDED ENTRY--TOPICAL TERM
Topical term or geographic name as entry element History
9 (RLIN) 32015
942 ## - ADDED ENTRY ELEMENTS (KOHA)
Koha item type Books
Call number prefix 954/JAY
Source of classification or shelving scheme
Holdings
Withdrawn status Lost status Source of classification or shelving scheme Damaged status Not for loan Home library Current library Date acquired Total Checkouts Full call number Barcode Date last seen Uniform Resource Identifier Price effective from Koha item type
          MACL MACL 15/04/2015   954/JAY CLE006082 29/04/2015 34674 15/04/2015 Books